000 00560nam a22001697a 4500
005 20251108164758.0
008 250721s1986 xx 000 0 ara d
082 1 4 _a810.4/جبر
100 1 _aجبرا، جبرا إبراهيم
_eمؤلف
245 1 0 _aالفن و الحلم و الفعل /
264 1 _aبغداد :
_bوزارة الثقافة و الإعلام - دار الشؤون الثقافية العامة،
_c1986.
300 _a520ص.
650 1 7 _aالأدب العربي
650 1 7 _aالمقالات
942 _2ddc
_cBK
999 _c14168
_d14168